Loading...

Pava veedu/

Bibliografiske detaljer
Hovedforfatter: Ibsen, Henrik,1828-1906
Andre forfattere: Umar Tharamel, Shobhita Joy
Format: Printed Book
Sprog:English
Udgivet: Kottayam: Manorama Books, c2016.
Fag:
LEADER 01196 a2200229 4500
008 150103s9999 000 0 eng
020 |a 9789386025289 
082 |a 839.822 6 
100 |a Ibsen, Henrik,1828-1906 
245 |a Pava veedu/ 
260 |a Kottayam:  |b Manorama Books,  |c c2016. 
300 |a 92 p. 
505 |a A Doll's House 
650 |a Norwegian drama  
700 |a Umar Tharamel 
700 |a Shobhita Joy 
942 |c BK 
999 |c 308581  |d 308581 
952 |0 0  |1 0  |2 ddc  |4 0  |6 839_822000000000000_6_IBS_PA  |7 0  |9 354139  |a DRA  |b DRA  |c ST1  |d 2018-01-16  |i 10241  |l 3  |o 839.822 6 IBS/PA  |p DRA10241  |r 2021-10-18  |s 2021-10-08  |v 100.00  |w 2019-01-03  |y BK 
952 |0 0  |1 0  |2 ddc  |4 0  |6 839_822000000000000_6_IBS_PA  |7 0  |9 354140  |a DRA  |b DRA  |c ST1  |d 2018-01-16  |i 10242  |l 4  |o 839.822 6 IBS/PA  |p DRA10242  |r 2021-03-03  |s 2020-10-07  |v 100.00  |w 2018-01-16  |y BK 
952 |0 0  |1 0  |2 ddc  |4 0  |6 839_822000000000000_6_IBS_PA  |7 0  |9 354141  |a DRA  |b DRA  |c ST1  |d 2018-01-16  |i 10243  |l 4  |m 1  |o 839.822 6 IBS/PA  |p DRA10243  |q 2022-02-02  |r 2021-12-01  |s 2021-12-01  |v 100.00  |w 2018-01-16  |y BK 
952 |0 0  |1 0  |2 ddc  |4 0  |6 839_822000000000000_6_IBS_PA  |7 0  |9 354142  |a DRA  |b DRA  |c ST1  |d 2018-01-16  |i 10244  |l 3  |o 839.822 6 IBS/PA  |p DRA10244  |r 2021-11-03  |s 2021-10-25  |v 100.00  |w 2018-01-16  |y BK